000 00361nam a2200145Ia 4500
008 230711s9999||||xx |||||||||||||| ||und||
041 _aENG
082 _a4
_bHO-D
100 _aHoughs,Larry
245 0 _aData communication
250 _a1st Ed.
260 _c1992
_aNew York
_bTata McGraw Hill Education Limited
650 _aComputer Engineering
942 _cBK
999 _c3579
_d3579